<?xml version="1.0" encoding="UTF-8"?><?xml-stylesheet type="text/xsl" href="static/style.xsl"?><OAI-PMH xmlns="http://www.openarchives.org/OAI/2.0/" xmlns:xsi="http://www.w3.org/2001/XMLSchema-instance" xsi:schemaLocation="http://www.openarchives.org/OAI/2.0/ http://www.openarchives.org/OAI/2.0/OAI-PMH.xsd"><responseDate>2026-04-17T02:29:36Z</responseDate><request verb="GetRecord" identifier="oai:www.recercat.cat:2117/443750" metadataPrefix="marc">https://recercat.cat/oai/request</request><GetRecord><record><header><identifier>oai:recercat.cat:2117/443750</identifier><datestamp>2026-01-20T10:38:08Z</datestamp><setSpec>com_2072_1033</setSpec><setSpec>col_2072_452951</setSpec></header><metadata><record xmlns="http://www.loc.gov/MARC21/slim" xmlns:dcterms="http://purl.org/dc/terms/" xmlns:xsi="http://www.w3.org/2001/XMLSchema-instance" xmlns:doc="http://www.lyncode.com/xoai" xsi:schemaLocation="http://www.loc.gov/MARC21/slim http://www.loc.gov/standards/marcxml/schema/MARC21slim.xsd">
   <leader>00925njm 22002777a 4500</leader>
   <datafield ind2=" " ind1=" " tag="042">
      <subfield code="a">dc</subfield>
   </datafield>
   <datafield ind2=" " ind1=" " tag="720">
      <subfield code="a">Cano de Dios, Javier</subfield>
      <subfield code="e">author</subfield>
   </datafield>
   <datafield ind2=" " ind1=" " tag="260">
      <subfield code="c">2025-06-27</subfield>
   </datafield>
   <datafield ind2=" " ind1=" " tag="520">
      <subfield code="a">This master’s thesis presents the modeling and simulation of a microgrid system integrating a photovoltaic array, a battery energy storage system, and a hydrogen electrolyzer. Each subsystem is connected via power electronic converters operating under either grid-forming or gridfollowing control strategies. The main objective is to assess the dynamic behavior of these control approaches under various grid strength conditions, defined by the Short-Circuit Ratio (SCR). Different voltage control strategies are implemented for the grid-forming control: conventional voltage control, virtual impedance, and virtual admittance. Through realistic simulation scenarios, this work evaluates stability, transient response, and power-sharing capabilities of each strategy. Results indicate that while traditional control methods are more prone to oscillations, virtual impedance and admittance improve robustness in weak and low-inertia grids. Virtual admittance offers better stability at the cost of slower response, whereas virtual impedance allows faster dynamics with a trade-off in robustness. This work contributes to the understanding of how to properly select and tune control strategies for resilient and flexible future microgrids.</subfield>
   </datafield>
   <datafield tag="653" ind2=" " ind1=" ">
      <subfield code="a">Àrees temàtiques de la UPC::Enginyeria elèctrica</subfield>
   </datafield>
   <datafield tag="653" ind2=" " ind1=" ">
      <subfield code="a">Photovoltaic power generation</subfield>
   </datafield>
   <datafield tag="653" ind2=" " ind1=" ">
      <subfield code="a">Energy storage</subfield>
   </datafield>
   <datafield tag="653" ind2=" " ind1=" ">
      <subfield code="a">Microgrids (Smart power grids)</subfield>
   </datafield>
   <datafield tag="653" ind2=" " ind1=" ">
      <subfield code="a">Energia solar fotovoltaica</subfield>
   </datafield>
   <datafield tag="653" ind2=" " ind1=" ">
      <subfield code="a">Energia -- Emmagatzematge</subfield>
   </datafield>
   <datafield tag="653" ind2=" " ind1=" ">
      <subfield code="a">Microxarxes (Xarxes elèctriques intel·ligents)</subfield>
   </datafield>
   <datafield ind2="0" ind1="0" tag="245">
      <subfield code="a">Integration of PV, battery, and a hydrogen electrolyzer with different grid-forming and grid-following control strategies</subfield>
   </datafield>
</record></metadata></record></GetRecord></OAI-PMH>